Cities in Russia - Sudden Death - Statistics

General Stats
  • This quiz has been taken 65 times
  • The average score is 13 of 15
Answers on the Grid
Answers color-coded by a green-red scale on the quiz's grid according to % correct below.
Dallas
Moscow
Kazan
Zandvoort
Saint Petersburg
Kolkata
Bangalore
Lucknow
Novosibirsk
Grozny
Smolensk
Sochi
Kanpur
Perugia
Palermo
New York
Ciudad Nezahualcóyotl
Irkutsk
Cancún
Rostov-on-Don
Samara
Kaluga
Paris
London
Dijon
Saransk
Yekaterinburg
Lisbon
Coimbra
Blagoveshchensk
Guarda
Veliky Novgorod
 
Answer Stats
Answer % Correct
Moscow
98%
Saint Petersburg
95%
Novosibirsk
90%
Veliky Novgorod
90%
Kazan
86%
Yekaterinburg
86%
Blagoveshchensk
85%
Irkutsk
85%
Smolensk
85%
Sochi
83%
Saransk
81%
Rostov-on-Don
80%
Grozny
78%
Samara
69%
Kaluga
59%
No matching quizzes found
Score Distribution
Percent of People with Each Score
Percentile by Number Answered
Your Score History
You have not taken this quiz